| 000 | 00994cab a22002535a 4500 | ||
|---|---|---|---|
| 001 | L159961 | ||
| 008 | 150113e2016 xxk 000 0 eng d | ||
| 035 | _a(Sirsi) u159961 | ||
| 041 | 0 | _aeng | |
| 050 | _a333.0062 $2 18 | ||
| 100 | 1 | _aBolton King, Peter | |
| 245 | 0 | 0 |
_aFair competition and fair gain _h[electronic resource] |
| 260 |
_aLondon _bRICS _c2016 |
||
| 490 |
_aRICS Building Surveying Journal _vDecember 2016 - January 2017, 16-17(2) |
||
| 520 | _aConsiders the need for ethics and answers questions about the International Ethics Standards Coalition. | ||
| 650 | 2 | 4 | _aINTERNATIONAL ETHICS STANDARDS |
| 650 | 2 | 4 | _aINTERNATIONAL ETHICS STANDARDS COALITION |
| 650 | 2 | 4 | _aPROFESSIONAL CONDUCT |
| 650 | 2 | 4 | _aETHICS |
| 651 | 4 | _aInternational | |
| 690 | _aMANAGEMENT-BUSINESS MANAGEMENT-PROFESSIONAL PRACTICE | ||
| 856 | 4 | 0 |
_uhttps://www.rics.org/Global/Building_Surveying_Journal_December_2016_January_2017.pdf _zView the article free of charge at www.rics.org... |
| 942 | _n0 | ||
| 999 |
_c85084 _d85084 |
||